| 000 | 00666nam a22001577a 4500 | ||
|---|---|---|---|
| 003 | OSt | ||
| 005 | 20151005104225.0 | ||
| 008 | 151005b xxu||||| |||| 00| 0 eng d | ||
| 040 | _cRUA | ||
| 082 | _aAVM PHA 2002 B073 Or. 1 | ||
| 100 |
_92028 _aPHAN, PHALRITH. |
||
| 245 | _aRaising of fattening pig as small-scale of farmer in tramkok district takeo province (ការចិញ្ចឺមជ្រូកសាច់ជាលក្ខណ:គ្រួសាររបស់កសិករក្នុងស្រុកត្រាំកក់ខេត្តតាកែវ) | ||
| 260 |
_aPhnom Penh _bRUA _c2002 |
||
| 300 |
_aV, 35P. _bill. _c29cm. |
||
| 942 |
_2ddc _cAVM |
||
| 999 |
_c1916 _d1916 |
||